| 000 -LEADER |
| fixed length control field |
01362cam a2200349 a 4500 |
| 001 - CONTROL NUMBER |
| control field |
17563208 |
| 003 - CONTROL NUMBER IDENTIFIER |
| control field |
OSt |
| 005 - DATE AND TIME OF LATEST TRANSACTION |
| control field |
20190903094535.0 |
| 008 - FIXED-LENGTH DATA ELEMENTS--GENERAL INFORMATION |
| fixed length control field |
121214s2012 ii a 000 0beng d |
| 010 ## - LIBRARY OF CONGRESS CONTROL NUMBER |
| LC control number |
2012406763 |
| 015 ## - NATIONAL BIBLIOGRAPHY NUMBER |
| National bibliography number |
GBB278330 |
| Source |
bnb |
| 016 7# - NATIONAL BIBLIOGRAPHIC AGENCY CONTROL NUMBER |
| Record control number |
016143839 |
| Source |
Uk |
| 020 ## - INTERNATIONAL STANDARD BOOK NUMBER |
| International Standard Book Number |
9789380028767 (pbk.) |
| 020 ## - INTERNATIONAL STANDARD BOOK NUMBER |
| International Standard Book Number |
9380028768 (pbk.) |
| 035 ## - SYSTEM CONTROL NUMBER |
| System control number |
(OCoLC)ocn806201035 |
| 040 ## - CATALOGING SOURCE |
| Original cataloging agency |
UKMGB |
| Language of cataloging |
eng |
| Transcribing agency |
UKMGB |
| Modifying agency |
YDXCP |
| -- |
IK2 |
| -- |
LIV |
| -- |
NVC |
| -- |
BTCTA |
| -- |
BDX |
| -- |
CXP |
| -- |
ZAG |
| -- |
ZCU |
| -- |
DLC |
| 042 ## - AUTHENTICATION CODE |
| Authentication code |
lccopycat |
| 043 ## - GEOGRAPHIC AREA CODE |
| Geographic area code |
n-us--- |
| 082 04 - DEWEY DECIMAL CLASSIFICATION NUMBER |
| Classification number |
338.761 QUI |
| Edition number |
23 |
| 100 1# - MAIN ENTRY--PERSONAL NAME |
| Personal name |
Quinn, Jason. |
| Relator term |
author |
| 245 10 - TITLE STATEMENT |
| Title |
Steve Jobs : |
| Remainder of title |
genius by design / |
| Statement of responsibility, etc. |
[by Jason Quinn ; illustrated by Amit Tayal] |
| 260 ## - PUBLICATION, DISTRIBUTION, ETC. |
| Place of publication, distribution, etc. |
New Delhi : |
| Name of publisher, distributor, etc. |
Campfire ; |
| Place of publication, distribution, etc. |
Oxted : |
| Name of publisher, distributor, etc. |
Hawkins [distributor], |
| Date of publication, distribution, etc. |
2012. |
| 300 ## - PHYSICAL DESCRIPTION |
| Extent |
102 p. : |
| Other physical details |
col. ill. ; |
| Dimensions |
26 cm. |
| 520 ## - SUMMARY, ETC. |
| Summary, etc. |
Chronicles the life of the innovator, from his birth and adoption through his wanderlust period to his creation of the Apple empire that revolutionized modern technology. |
| 600 10 - SUBJECT ADDED ENTRY--PERSONAL NAME |
| Personal name |
Jobs, Steve, |
| Dates associated with a name |
1955-2011 |
| Form subdivision |
Comic books, strips, etc. |
| 650 #0 - SUBJECT ADDED ENTRY--TOPICAL TERM |
| Topical term or geographic name entry element |
Computer engineers |
| Geographic subdivision |
United States |
| Form subdivision |
Biography |
| -- |
Comic books, strips, etc. |
| 655 #0 - INDEX TERM--GENRE/FORM |
| Genre/form data or focus term |
Graphic novels. |
| 700 1# - ADDED ENTRY--PERSONAL NAME |
| Personal name |
Tayal, Amit. |
| 906 ## - LOCAL DATA ELEMENT F, LDF (RLIN) |
| a |
7 |
| b |
cbc |
| c |
copycat |
| d |
2 |
| e |
ncip |
| f |
20 |
| g |
y-gencatlg |
| 942 ## - ADDED ENTRY ELEMENTS (KOHA) |
| Source of classification or shelving scheme |
|
| Koha item type |
Books - Non Ficton |